00288nam a2200133Ia 45000030006000000080041000060400015000471000016000622450018000782500010000962600019001065460012001250050017001370STCL150530s9999 xx 000 0 und d aSTCLcSTCL aPeter Green aThomas Browne aFirst bLongmansc1959 aEnglish20220125170855.0